000 00624cam a22002411 4500
001 sa 68020276
003 DLC
005 20260227112723.0
008 790227s1964 io 000 0 ind
010 _asa 68020276
035 _a(OCoLC)4692767
040 _aDLC
_cOAU
_dDLC
042 _apremarc
050 0 0 _aBP165
_b.A23
100 0 _aAbdullah bin Nuh,
_cRaden.
245 1 0 _aIslam dizaman modern,
_coleh H. Abdullah bin Nuh.
250 _aTjet. 2.
260 _aDjakarta,
_bA. P. B.
_c[1964]
300 _a1 v. (unpaged)
_c30 cm.
500 _aCover title.
500 _a"LIS. no. 58/J1/64/"
650 0 _aIslam.
999 _c89330
_d89330